Jamaica : 2007 Article IV Consultation; Staff Report; Staff Supplement; Public Information Notice on the Executive Board Discussion; and Statement by the Executive Director for Jamaica.

This 2007 Article IV Consultation highlights that Jamaica's economy is estimated to have achieved its best growth performance in over a decade during FY2006/07, which ended on March 31, 2007. Notwithstanding some recent moderation of momentum, the economy is estimated to have expanded by just b...

Full beskrivning

Bibliografiska uppgifter
Institutionell upphovsman: International Monetary Fund
Materialtyp: Tidskrift
Språk:English
Publicerad: Washington, D.C. : International Monetary Fund, 2007.
Serie:IMF Staff Country Reports; Country Report ; No. 2007/152
Länkar:Full text available on IMF
LEADER 01692cas a2200241 a 4500
001 AALejournalIMF009271
008 230101c9999 xx r poo 0 0eng d
020 |c 5.00 USD 
020 |z 9781451820201 
022 |a 1934-7685 
040 |a BD-DhAAL  |c BD-DhAAL 
110 2 |a International Monetary Fund. 
245 1 0 |a Jamaica :   |b 2007 Article IV Consultation; Staff Report; Staff Supplement; Public Information Notice on the Executive Board Discussion; and Statement by the Executive Director for Jamaica. 
264 1 |a Washington, D.C. :  |b International Monetary Fund,  |c 2007. 
300 |a 1 online resource (58 pages) 
490 1 |a IMF Staff Country Reports 
500 |a <strong>Off-Campus Access:</strong> No User ID or Password Required 
500 |a <strong>On-Campus Access:</strong> No User ID or Password Required 
506 |a Electronic access restricted to authorized BRAC University faculty, staff and students 
520 3 |a This 2007 Article IV Consultation highlights that Jamaica's economy is estimated to have achieved its best growth performance in over a decade during FY2006/07, which ended on March 31, 2007. Notwithstanding some recent moderation of momentum, the economy is estimated to have expanded by just below 3 percent in real terms, up from 2 percent the previous year and 0.4 percent the year before. Monetary policy remains focused on containing inflation while seeking to engender a sustainable reduction in interest rates. 
538 |a Mode of access: Internet 
830 0 |a IMF Staff Country Reports; Country Report ;  |v No. 2007/152 
856 4 0 |z Full text available on IMF  |u http://elibrary.imf.org/view/journals/002/2007/152/002.2007.issue-152-en.xml  |z IMF e-Library